00981nam a22002177a 4500999001700000003000900017008004100026040007100067082002500138100002700163245010100190260006100291300002700352505013900379650003300518650003200551710005100583942001600634945000800650952010500658 c10385d10385AR-CdUCM190401b ||||| |||| 00| 0 spa d aMUNICIPALIDAD PROVINCIAL DEL CUSCOcBIBLIOTECA MUNICIPAL DEL CUSCO a340.01 /bA46 / 1962 aAlzamora Valdez, Mario aPrograma y bibliografía del curso de introducción a las ciencias jurídicas y políticas / aLima :bUniversidad Nacional Mayor de San Marcos,c1962. a38 páginas ;c25 cm. aContenido: Programa sintético -- Programa desarrollado -- El derecho objetivo -- El derecho subjetivo -- Las fuentes del derecho ... aCiencias jurídicas 915945 aCiencias políticas927202 aUniversidad Nacional Mayor de San Marcos95627 2ddccLIBROS aacv 002ddc4070aSCAbSCAcCARTd2019-04-01g30.00o340.01 / A46 / 1962pSCA0000880r2019-04-01yLIBROS